| 000 | 00596nam a2200181Ia 4500 | ||
|---|---|---|---|
| 005 | 20260601193228.0 | ||
| 008 | 260601s9999||||xx |||||||||||||| ||und|| | ||
| 020 |
_a978-3-031-50758-8 _qebk |
||
| 100 | _aChristopher Leslie | ||
| 245 | 0 | _aCurrent Directions in ICT and Society | |
| 250 | _a1st ed. 2024 | ||
| 260 |
_aHeidelberg, Germany _bSpringer Nature _c2024 |
||
| 440 | _aIFIP Advances in Information and Communication Technology | ||
| 650 | _aComputer Science | ||
| 700 | _aDavid Kreps | ||
| 856 | _uhttps://link.springer.com/openurl?genre=book&isbn=978-3-031-50758-8 | ||
| 942 |
_cEB _2ddc |
||
| 999 |
_c56001 _d56001 |
||